[Event "Gideon Japhet ACP Open 2018"]
[Site "Jerusalem"]
[Date "2018.07.01"]
[Round "1"]
[White "Naiditsch, Arkadij"]
[Black "Zlatin, Alexander"]
[Result "1-0"]
[WhiteElo "2697"]
[BlackElo "2205"]
[Annotator "TA"]
[PlyCount "125"]
[EventDate "2018.07.01"]
[EventType "swiss"]
[EventCountry "ISR"]
[SourceTitle "playchess.com"]
[Source "ChessBase"]
[SourceQuality "1"]

{[%evp 21,125,20,20,22,22,17,15,15,71,70,87,102,57,71,109,60,68,52,54,59,47,52,64,0,71,43,45,7,0,0,93,0,8,-51,-62,-31,104,115,145,150,215,133,140,0,13,0,18,-193,0,0,0,0,488,281,255,255,608,532,760,853,832,878,29990,868,842,820,29987,790,748,717,713,691,678,654,569,122,99,123,944,960,950,976,976,907,12831,12831,12831,12832,12832,12833,12831,10521,12837,12838,12839,12839,12839,12839,12840,12840,12841,12841,12843,12840,12841,2037]} 1. e4 e5 2. Nf3 Nc6 3. Bb5 {[%cal Bf1b5,Bb5a4,Ba4b3,Bb3d5][%mdl 32]} a6 4. Ba4 Nf6 5. d3 b5 6. Bb3 Bc5 7. Nc3 h6 {C77: Ruy Lopez: 3...a6 4 Ba4 Nf6, unusual lines} (7... d6 8. Nd5 h6 9. O-O O-O 10. Be3 Bxe3 11. fxe3 Na5 12. Nxf6+ Qxf6 13. Bd5 c6 14. Nd4 Qg5 15. Nxc6 Nxc6 16. Bxc6 Qxe3+ {½-½ (32) Anand,V (2760)-Mamedyarov,S (2808) Stavanger 2018}) 8. Nd5 O-O 9. c3 d6 10. Nxf6+ Qxf6 11. Bd5 Bd7 {LiveBook: 7 Games} 12. Rg1 h5 13. h3 Rae8 14. g4 {[%cal Bg2g4,Bg4g5][%mdl 32] [#]} Ne7 $146 (14... hxg4 $11 {remains equal.} 15. hxg4 Ne7) ({Predecessor:} 14... hxg4 15. hxg4 {1-0 (41) Lu,S (2630)-Zeng,C (2532) Tianjin 2018}) 15. g5 $16 Qg6 16. Nh4 Nxd5 (16... Qh7 $2 17. g6 $18) 17. Nxg6 fxg6 18. Rg2 Nf4 $1 {[%cal Rf4g2]} 19. Bxf4 $1 Rxf4 20. Rh2 Ref8 {[%cal Rc5f2]} 21. Qc2 Kh7 22. Rd1 ({White should try} 22. h4 $14) 22... Rf3 (22... Rh4 $1 $11) 23. d4 exd4 24. cxd4 Bb6 $1 25. a3 Be6 (25... R8f4 $11) 26. Rd3 (26. d5 $1 $16 {[%cal Rd5e6]} Bxh3 27. Rd3) 26... R3f4 $11 27. Rc3 (27. Qc3 $11) 27... Bc4 $15 {[%mdl 1024] Black has compensation.} 28. d5 Re8 (28... Ba5 $15 29. b4 Bb6) 29. f3 $16 Ba5 {Threatening ...Rxf3.} 30. Kd1 Bf1 (30... Bxc3 $16 31. Qxc3 Bf1) 31. Re3 Bb6 32. Rc3 (32. Rh1 $1 $16 Bxe3 33. Rxf1) 32... Ref8 33. Rxc7 Rxf3 34. Qc6 $2 (34. Rc3 $11) 34... Bd4 $2 (34... Bxc7 $19 35. Qxc7 Re8) 35. Qxd6 Bd3 {...Be3 is the strong threat.} 36. Qe7 {aiming for e5.} b4 $2 {[%mdl 8192]} (36... Bc4 $11 {and Black is okay.}) 37. e5 (37. axb4 $142 {And now d6 would win.} Rf1+ 38. Kd2) 37... Rg8 $18 38. axb4 Be3 $2 (38... Rf5 39. e6 Be3) 39. Re2 $1 Bf4 40. Rc3 Rc8 41. Rxc8 {White threatens Qe8! and mate.} Rf1+ 42. Re1 {Intending Qe8 and mate.} Rf2 43. Qf7 $1 {[%csl Gc8][%cal Rf7g8]} Rd2+ 44. Kc1 {[%csl Gc8][%cal Rf7g8,Bd1c1,Bc1b1,Bb1a2][%mdl 32]} Rc2+ 45. Kb1 $1 {[%csl Gc8][%cal Rf7g8]} Rc7+ 46. Ka2 {[%csl Gc8][%cal Rf7g8]} Rxf7 47. d6 Rb7 {intending ...Bf5.} 48. b3 $2 (48. e6 $18 {and the rest is easy. Threatens to win with e7.} Bxd6 49. Rd1) 48... Bf5 $16 49. Rf8 Bd2 $2 {[%mdl 8192] [#]} (49... Bg3 $16 50. Re3 Bf4) 50. e6 $3 $18 {[%mdl 512] White wants to mate with e7!White is clearly winning.} Bxe1 {[#]} 51. Rxf5 $1 {[%mdl 512]} Bxb4 {[%mdl 4096] Endgame KRB-KR} (51... gxf5 52. e7) 52. e7 Rb8 53. Rf8 Bxd6 54. Rxb8 Bxe7 {[#] KR-KB} 55. h4 $1 Bd6 56. Re8 a5 57. Kb2 Bg3 58. Re4 Kg8 59. Ka3 Kf7 60. Ka4 Bc7 61. Kb5 Bd8 62. Ka6 Bc7 63. Rc4 {Precision: White = 60%, Black = 43%.} (63. Kb7 $142 Bd6 64. Kc6) 1-0

[Event "Gideon Japhet ACP Open 2018"]
[Site "Jerusalem"]
[Date "2018.07.01"]
[Round "1"]
[White "Bagrationi, Alexander"]
[Black "Solomon, Asif"]
[Result "1-0"]
[WhiteElo "2539"]
[BlackElo "2184"]
[Annotator "RC"]
[PlyCount "121"]
[EventDate "2018.07.01"]
[EventType "swiss"]
[EventCountry "ISR"]
[SourceTitle "playchess.com"]
[Source "ChessBase"]
[SourceQuality "1"]
[TimeControl "40/5400+30:1800+30"]

1. d4 Nf6 2. c4 g6 3. Nc3 Bg7 4. e4 d6 5. h3 O-O 6. Be3 c5 7. d5 e6 8. dxe6 {[%emt 0:09:06]} fxe6 {[%emt 0:07:20]} 9. Qd2 {[%emt 0:00:34]} Nc6 {[%emt 0:02:54]} 10. Bd3 {[%emt 0:07:44]} Nd4 {[%emt 0:06:37]} 11. Nge2 {[%emt 0:01:58]} e5 {[%emt 0:02:56]} 12. Bh6 {[%emt 0:06:43]} Qa5 {[%emt 0:03:59]} 13. Bxg7 {[%emt 0:09:06]} Kxg7 {[%emt 0:00:26]} 14. Nxd4 {[%emt 0:02:08]} cxd4 {[%emt 0:06:00]} 15. Ne2 {[%emt 0:00:50]} Qxd2+ {[%emt 0:02:09]} 16. Kxd2 {[%emt 0:02:57]} Be6 {[%emt 0:05:36]} 17. b4 {[%emt 0:11:48]} a5 {[%emt 0:11:06]} 18. a3 {[%emt 0:00:44]} axb4 {[%emt 0:07:04]} 19. axb4 {[%emt 0:00:12]} Bxc4 {[%emt 0:04:07]} 20. Bxc4 {[%emt 0:08:49]} Nxe4+ {[%emt 0:00:55]} 21. Kc2 {[%emt 0:00:49]} d3+ {[%emt 0:04:37]} 22. Bxd3 {[%emt 0:01:37]} Rfc8+ {[%emt 0:03:17]} 23. Kb3 {[%emt 0:04:01]} Nxf2 {[%emt 0:01:20]} 24. Bb5 {[%emt 0:00:24]} Nxh1 {[%emt 0:01:17]} 25. Rxh1 {[%emt 0:00:02]} Rf8 {[%emt 0:03:24]} 26. Rd1 {[%emt 0:01:15]} Rad8 {[%emt 0:00:28]} 27. Nc3 {[%emt 0:02:25]} Rf2 {[%emt 0:01:07]} 28. Ne4 {[%emt 0:00:35]} Rxg2 {[%emt 0:01:18]} 29. Nxd6 {[%emt 0:00:12]} Rg3+ {[%emt 0:01:48]} 30. Kc4 {[%emt 0:00:13]} Rf8 {[%emt 0:04:04]} 31. Bd7 {[%emt 0:01:10]} Rf4+ {[%emt 0:02:21]} 32. Kc5 {[%emt 0:06:18]} Rc3+ {[%emt 0:04:06]} 33. Kb5 {[%emt 0:00:02]} Rd4 {[%emt 0:02:55]} 34. Rxd4 {[%emt 0:14:19]} exd4 {[%emt 0:00:10]} 35. Ne4 {[%emt 0:00:03]} Rc2 {[%emt 0:04:28]} 36. Nc5 {[%emt 0:02:59]} Kf6 {[%emt 0:06:16]} 37. Kb6 {[%emt 0:00:02]} Ke5 {[%emt 0:01:38]} 38. Bb5 {[%emt 0:03:13]} Kf4 {[%emt 0:01:00]} 39. Kxb7 {[%emt 0:01:03]} Kg3 {[%emt 0:01:13]} 40. Bd3 {[%emt 0:02:56]} Rc1 {[%emt 0:00:49]} 41. Kc6 {[%emt 0:31:14]} Re1 {[%emt 0:10:21]} 42. b5 {[%emt 0:00:00]} Re7 {[%emt 0:02:55]} 43. b6 {[%emt 0:00:00]} Kxh3 {[%emt 0:02:01]} 44. b7 {[%emt 0:00:00]} Rxb7 {[%emt 0:02:03]} 45. Kxb7 {[%emt 0:00:00]} Kg3 {[%emt 0:05:27]} 46. Kc6 {[%emt 0:00:00]} Kf2 {[%emt 0:05:55]} 47. Kd5 {[%emt 0:00:00]} g5 {[%emt 0:01:03]} 48. Bxh7 {[%emt 0:00:00]} g4 {[%emt 0:00:58]} 49. Ke4 {[%emt 0:00:00]} g3 {[%emt 0:00:56]} 50. Nd3+ {[%emt 0:00:00]} Kg2 {[%emt 0:02:22]} 51. Nf4+ {[%emt 0:00:00]} Kf2 {[%emt 0:00:12]} 52. Nh3+ {[%emt 0:00:00]} Kg2 {[%emt 0:00:48]} 53. Bf5 {[%emt 0:00:00]} Kh2 {[%emt 0:01:26]} 54. Kf3 {[%emt 0:00:00]} g2 {[%emt 0:00:47]} 55. Kf2 {[%emt 0:00:00]} d3 {[%emt 0:00:24]} 56. Ng1 {[%emt 0:00:00]} d2 {[%emt 0:00:13]} 57. Bg4 {[%emt 0:00:00]} Kh1 {[%emt 0:00:30]} 58. Bd1 {[%emt 0:00:00]} Kh2 {[%emt 0:00:16]} 59. Bf3 {[%emt 0:00:00]} d1=N+ {[%emt 0:00:23]} 60. Bxd1 {[%emt 0:00:00]} Kh1 {[%emt 0:00:07]} 61. Be2 {[%emt 0:00:00]} 1-0

[Event "Gideon Japhet ACP Open 2018"]
[Site "Jerusalem"]
[Date "2018.07.01"]
[Round "1"]
[White "Muzychuk, Mariya"]
[Black "Milikow, Yoav"]
[Result "1-0"]
[WhiteElo "2521"]
[BlackElo "2161"]
[Annotator "ChessBase"]
[PlyCount "75"]
[EventDate "2018.07.01"]
[EventType "swiss"]
[EventCountry "ISR"]
[SourceTitle "playchess.com"]
[Source "ChessBase"]
[SourceQuality "1"]
[TimeControl "40/5400+30:1800+30"]

1. e4 {[%emt 0:00:00]} e6 {[%emt 0:00:00]} 2. d4 {[%emt 0:00:00]} d5 {[%emt 0:00:00]} 3. Nc3 {[%emt 0:00:00]} Bb4 {[%emt 0:00:00]} 4. e5 {[%emt 0:00:14]} c5 {[%emt 0:00:03]} 5. a3 {[%emt 0:00:03]} Ba5 {[%emt 0:00:06]} 6. b4 {[%emt 0:01:46]} cxd4 {[%emt 0:00:13]} 7. Nb5 {[%emt 0:03:11]} Bc7 {[%emt 0:01:14]} 8. f4 {[%emt 0:00:41]} f6 {[%emt 0:01:34]} 9. Nf3 {[%emt 0:05:12]} Nc6 {[%emt 0:01:35]} 10. Nxc7+ {[%emt 0:04:19]} Qxc7 {[%emt 0:01:18]} 11. Bb5 {[%emt 0:02:31]} Bd7 {[%emt 0:07:37]} 12. O-O {[%emt 0:05:51]} Nge7 {[%emt 0:05:55]} 13. exf6 {[%emt 0:11:02]} gxf6 {[%emt 0:01:46]} 14. Nxd4 {[%emt 0:02:03]} Nxd4 {[%emt 0:04:42]} 15. Bxd7+ {[%emt 0:00:06]} Kxd7 {[%emt 0:00:34]} 16. Qxd4 {[%emt 0:00:02]} Qb6 {[%emt 0:04:37]} 17. Bb2 {[%emt 0:09:07]} Qxd4+ {[%emt 0:01:25]} 18. Bxd4 {[%emt 0:00:05]} Rhf8 {[%emt 0:02:12]} 19. Rad1 {[%emt 0:05:25]} Rac8 {[%emt 0:18:40]} 20. Rd2 {[%emt 0:11:13]} b6 {[%emt 0:03:02]} 21. g4 {[%emt 0:01:26]} Rg8 {[%emt 0:05:49]} 22. Rg2 {[%emt 0:03:33]} f5 {[%emt 0:02:09]} 23. g5 {[%emt 0:01:23]} Ng6 {[%emt 0:05:07]} 24. c3 {[%emt 0:01:27]} b5 {[%emt 0:07:05]} 25. Rg3 {[%emt 0:02:19]} Rc7 {[%emt 0:05:00]} 26. Rh3 {[%emt 0:01:15]} Kc6 {[%emt 0:00:59]} 27. Rh6 {[%emt 0:00:24]} a6 {[%emt 0:05:59]} 28. h4 {[%emt 0:00:40]} Re7 {[%emt 0:02:02]} 29. Bc5 {[%emt 0:03:18]} Reg7 {[%emt 0:02:36]} 30. h5 {[%emt 0:00:43]} Nxf4 {[%emt 0:00:31]} 31. Rxf4 {[%emt 0:00:10]} Rxg5+ {[%emt 0:00:05]} 32. Kf1 {[%emt 0:00:22]} Re8 {[%emt 0:01:34]} 33. Rf3 {[%emt 0:01:14]} a5 {[%emt 0:01:27]} 34. Be3 {[%emt 0:00:17]} Rg7 {[%emt 0:00:26]} 35. Rxf5 {[%emt 0:00:55]} axb4 {[%emt 0:00:26]} 36. axb4 {[%emt 0:00:24]} Kd7 {[%emt 0:00:53]} 37. Rf3 {[%emt 0:00:47]} e5 {[%emt 0:00:16]} 38. Ra6 {[%emt 0:00:25]} 1-0

[Event "Gideon Japhet ACP Open 2018"]
[Site "Jerusalem"]
[Date "2018.07.01"]
[Round "1"]
[White "Caspi, Israel"]
[Black "Yaacov, Avi"]
[Result "1-0"]
[WhiteElo "2479"]
[BlackElo "2106"]
[Annotator "RC"]
[PlyCount "151"]
[EventDate "2018.07.01"]
[EventType "swiss"]
[EventCountry "ISR"]
[SourceTitle "playchess.com"]
[Source "ChessBase"]
[SourceQuality "1"]
[TimeControl "40/5400+30:1800+30"]

1. e4 {[%emt 0:00:00]} e5 {[%emt 0:00:00]} 2. Nf3 {[%emt 0:00:00]} Nc6 {[%emt 0:00:22]} 3. Bb5 {[%emt 0:00:00]} a6 {[%emt 0:00:31]} 4. Ba4 {[%emt 0:00:00]} Nf6 {[%emt 0:01:25]} 5. O-O {[%emt 0:00:00]} b5 {[%emt 0:00:13]} 6. Bb3 {[%emt 0:00:00]} Be7 {[%emt 0:00:11]} 7. Re1 {[%emt 0:00:33]} d6 {[%emt 0:01:06]} 8. c3 {[%emt 0:00:07]} O-O {[%emt 0:00:57]} 9. h3 {[%emt 0:00:04]} Na5 {[%emt 0:00:22]} 10. Bc2 {[%emt 0:00:02]} c5 {[%emt 0:00:19]} 11. d4 {[%emt 0:00:07]} Qc7 {[%emt 0:03:01]} 12. Nbd2 {[%emt 0:01:06]} exd4 13. cxd4 {[%emt 0:00:09]} Nd7 {[%emt 0:06:45]} 14. Nf1 {[%emt 0:06:15]} Bf6 {[%emt 0:02:43]} 15. Ne3 {[%emt 0:19:46]} Bb7 {[%emt 0:08:43]} 16. Nf5 {[%emt 0:02:17]} cxd4 {[%emt 0:03:15]} 17. N3xd4 {[%emt 0:05:05]} g6 {[%emt 0:00:50]} 18. Nh6+ {[%emt 0:01:13]} Kh8 {[%emt 0:00:44]} 19. Ng4 {[%emt 0:06:18]} Bg7 {[%emt 0:00:20]} 20. Bf4 {[%emt 0:00:24]} Ne5 {[%emt 0:02:26]} 21. Bh6 {[%emt 0:17:51]} Nac6 {[%emt 0:17:01]} 22. Bxg7+ {[%emt 0:03:57]} Kxg7 {[%emt 0:00:12]} 23. Rc1 {[%emt 0:00:12]} Rac8 {[%emt 0:07:59]} 24. Bb3 {[%emt 0:01:22]} Qe7 {[%emt 0:02:43]} 25. Nxc6 {[%emt 0:03:57]} Rxc6 {[%emt 0:00:47]} 26. Rxc6 {[%emt 0:00:06]} Bxc6 {[%emt 0:00:09]} 27. Qd4 {[%emt 0:00:10]} h5 {[%emt 0:00:20]} 28. Ne3 {[%emt 0:00:36]} Qf6 {[%emt 0:00:28]} 29. Rd1 {[%emt 0:00:54]} Rd8 {[%emt 0:04:52]} 30. Bd5 {[%emt 0:02:27]} Bd7 {[%emt 0:02:45]} 31. Kf1 {[%emt 0:05:42]} b4 {[%emt 0:00:21]} 32. Qxb4 {[%emt 0:12:59]} Bb5+ {[%emt 0:01:10]} 33. Kg1 {[%emt 0:00:07]} Nd3 {[%emt 0:02:05]} 34. Qc3 {[%emt 0:00:28]} Nxb2 {[%emt 0:02:31]} 35. Qxf6+ {[%emt 0:00:50]} Kxf6 {[%emt 0:00:06]} 36. Rc1 {[%emt 0:00:06]} Nd3 {[%emt 0:05:44]} 37. Rc7 {[%emt 0:00:07]} Rd7 {[%emt 0:00:46]} 38. Rc8 {[%emt 0:00:08]} Nf4 {[%emt 0:05:34]} 39. Bb3 {[%emt 0:01:02]} Ke5 {[%emt 0:01:37]} 40. f3 {[%emt 0:01:07]} Kd4 {[%emt 0:01:55]} 41. Nc2+ {[%emt 0:30:38]} Ke5 {[%emt 0:32:39]} 42. g3 {[%emt 0:01:06]} Ne6 {[%emt 0:00:50]} 43. Kf2 {[%emt 0:01:41]} h4 {[%emt 0:01:15]} 44. gxh4 {[%emt 0:00:19]} Nf4 {[%emt 0:02:52]} 45. Re8+ {[%emt 0:04:56]} Kf6 {[%emt 0:01:00]} 46. Nb4 {[%emt 0:00:31]} Rc7 {[%emt 0:03:49]} 47. Rd8 {[%emt 0:00:31]} Ke7 {[%emt 0:00:24]} 48. Ra8 {[%emt 0:00:25]} Nd3+ {[%emt 0:02:29]} 49. Nxd3 {[%emt 0:00:10]} Bxd3 {[%emt 0:00:03]} 50. Ke3 {[%emt 0:01:55]} Bf1 {[%emt 0:00:33]} 51. Kd4 {[%emt 0:00:22]} Rb7 {[%emt 0:00:58]} 52. Bd5 {[%emt 0:00:18]} Rc7 {[%emt 0:00:16]} 53. f4 {[%emt 0:00:47]} Bb5 {[%emt 0:00:51]} 54. Bb3 {[%emt 0:00:28]} Bf1 {[%emt 0:00:26]} 55. Bd5 {[%emt 0:02:03]} Bb5 {[%emt 0:00:21]} 56. Rh8 {[%emt 0:00:56]} Be8 {[%emt 0:00:13]} 57. h5 {[%emt 0:00:25]} gxh5 {[%emt 0:00:21]} 58. Rxh5 {[%emt 0:00:07]} Rc2 {[%emt 0:02:35]} 59. Rh7 {[%emt 0:01:31]} a5 {[%emt 0:00:44]} 60. h4 {[%emt 0:00:00]} a4 {[%emt 0:00:00]} 61. f5 {[%emt 0:00:00]} Rh2 {[%emt 0:00:00]} 62. Rh6 {[%emt 0:00:00]} Rf2 {[%emt 0:00:00]} 63. Ke3 {[%emt 0:00:00]} Rf1 {[%emt 0:00:00]} 64. Bc4 {[%emt 0:00:00]} Rc1 {[%emt 0:00:00]} 65. f6+ {[%emt 0:00:00]} Kd8 {[%emt 0:00:00]} 66. Bd5 {[%emt 0:00:00]} Bc6 {[%emt 0:00:00]} 67. Rh8+ {[%emt 0:00:00]} Kd7 {[%emt 0:00:00]} 68. Rf8 {[%emt 0:00:00]} Bxd5 {[%emt 0:00:00]} 69. exd5 {[%emt 0:00:00]} Rc2 {[%emt 0:00:00]} 70. Rxf7+ {[%emt 0:00:00]} Ke8 {[%emt 0:00:00]} 71. Ra7 {[%emt 0:00:00]} Rxa2 {[%emt 0:00:00]} 72. Kf4 {[%emt 0:00:00]} Rd2 {[%emt 0:00:00]} 73. Kf5 {[%emt 0:00:30]} a3 {[%emt 0:00:00]} 74. Rxa3 {[%emt 0:01:17]} Rxd5+ {[%emt 0:00:00]} 75. Kg6 {[%emt 0:00:11]} Rd1 {[%emt 0:00:00]} 76. f7+ {[%emt 0:00:12]} 1-0

[Event "Gideon Japhet ACP Open 2018"]
[Site "Jerusalem"]
[Date "2018.07.01"]
[Round "1"]
[White "Gorodetzky, David"]
[Black "Milikow, Elie"]
[Result "1-0"]
[WhiteElo "2460"]
[BlackElo "2081"]
[Annotator "ChessBase"]
[PlyCount "77"]
[EventDate "2018.07.01"]
[EventType "swiss"]
[EventCountry "ISR"]
[SourceTitle "playchess.com"]
[Source "ChessBase"]
[SourceQuality "1"]
[TimeControl "40/5400+30:1800+30"]

1. Nf3 {[%emt 0:00:00]} Nf6 {[%emt 0:00:00]} 2. b3 {[%emt 0:00:04]} g6 {[%emt 0:00:11]} 3. Bb2 {[%emt 0:00:37]} Bg7 {[%emt 0:00:22]} 4. g3 {[%emt 0:00:03]} O-O {[%emt 0:00:16]} 5. Bg2 {[%emt 0:00:39]} d5 {[%emt 0:00:19]} 6. c4 {[%emt 0:00:03]} c6 {[%emt 0:00:13]} 7. O-O {[%emt 0:00:30]} b6 {[%emt 0:01:43]} 8. d4 {[%emt 0:16:37]} Bb7 {[%emt 0:00:22]} 9. Nbd2 {[%emt 0:03:06]} c5 {[%emt 0:07:24]} 10. dxc5 {[%emt 0:03:52]} bxc5 {[%emt 0:00:17]} 11. cxd5 {[%emt 0:02:44]} Nxd5 {[%emt 0:04:49]} 12. Bxg7 {[%emt 0:03:59]} Kxg7 {[%emt 0:00:02]} 13. Qc2 {[%emt 0:06:14]} Qc7 {[%emt 0:00:48]} 14. Rac1 {[%emt 0:06:11]} Nd7 {[%emt 0:05:16]} 15. b4 {[%emt 0:06:00]} Ba6 {[%emt 0:16:30]} 16. Nb3 {[%emt 0:23:53]} c4 {[%emt 0:06:19]} 17. Nfd2 {[%emt 0:02:26]} Nxb4 {[%emt 0:15:42]} 18. Qc3+ {[%emt 0:02:30]} Qe5 {[%emt 0:00:08]} 19. Qxb4 {[%emt 0:01:27]} cxb3 {[%emt 0:00:16]} 20. Bxa8 {[%emt 0:01:16]} b2 {[%emt 0:01:28]} 21. Rb1 {[%emt 0:03:08]} Rxa8 {[%emt 0:01:36]} 22. Qxb2 {[%emt 0:00:41]} Qxb2 {[%emt 0:02:21]} 23. Rxb2 {[%emt 0:00:03]} Bxe2 {[%emt 0:01:27]} 24. Re1 {[%emt 0:00:10]} Bg4 {[%emt 0:00:05]} 25. Rxe7 {[%emt 0:07:18]} Be6 {[%emt 0:00:39]} 26. Rb7 {[%emt 0:01:55]} Rd8 {[%emt 0:00:36]} 27. Ne4 {[%emt 0:01:02]} Kf8 {[%emt 0:01:51]} 28. Rxe6 {[%emt 0:00:45]} fxe6 {[%emt 0:00:03]} 29. Rxa7 {[%emt 0:00:12]} Ne5 {[%emt 0:00:42]} 30. Ng5 {[%emt 0:01:03]} Rd2 {[%emt 0:01:02]} 31. a4 {[%emt 0:02:37]} Ra2 {[%emt 0:01:09]} 32. a5 {[%emt 0:01:15]} Nc6 {[%emt 0:00:10]} 33. Nxh7+ {[%emt 0:01:31]} Ke8 {[%emt 0:00:29]} 34. Nf6+ {[%emt 0:00:53]} Kd8 {[%emt 0:00:09]} 35. Rd7+ {[%emt 0:00:28]} Kc8 {[%emt 0:00:03]} 36. Rd6 {[%emt 0:00:46]} Nxa5 {[%emt 0:01:12]} 37. Rxe6 {[%emt 0:00:04]} Nb3 {[%emt 0:01:03]} 38. Ne4 {[%emt 0:00:46]} Re2 {[%emt 0:00:43]} 39. Nd6+ {[%emt 0:00:07]} 1-0

[Event "Gideon Japhet ACP Open 2018"]
[Site "Jerusalem"]
[Date "2018.07.01"]
[Round "1"]
[White "Kantsler, Boris"]
[Black "Gorodetzky, Matan"]
[Result "1/2-1/2"]
[WhiteElo "2422"]
[BlackElo "2060"]
[Annotator "TA"]
[PlyCount "149"]
[EventDate "2018.07.01"]
[EventType "swiss"]
[EventCountry "ISR"]
[SourceTitle "playchess.com"]
[Source "ChessBase"]
[SourceQuality "1"]

{[%evp 26,148,16,9,17,0,29,29,27,11,34,38,63,18,37,25,28,21,32,32,68,60,52,63,58,52,66,56,52,48,61,60,56,50,86,89,103,103,94,6,83,21,103,104,95,77,180,178,208,156,161,137,155,163,154,151,162,157,356,279,415,356,415,415,415,415,415,415,415,415,415,415,415,415,415,415,435,435,427,415,415,415,415,415,415,415,415,415,415,415,415,415,415,415,415,415,439,439,439,369,368,328,320,236,229,172,9156,9675,9473,9300,7284,8100,5487,5480,29966,29967,12806,11461,1001,0,0,0,0,0,0]} 1. d4 e6 2. c4 d5 3. Nf3 c5 4. cxd5 exd5 5. Nc3 Nc6 6. g3 Nf6 7. Bg2 Be7 8. O-O O-O 9. dxc5 Bxc5 10. Na4 Be7 11. Be3 Re8 12. Rc1 Bg4 13. a3 {D34: Tarrasch Defence: 6 g3 Nf6 7 Bg2 Be7} (13. Nd4 Qd7 14. f3 Bf5 15. Nxc6 bxc6 16. Bd4 Qb7 17. e3 Nd7 18. Rf2 Rac8 19. b3 c5 20. Ba1 Nb6 21. Nc3 {0-1 (46) Inarkiev,E (2680)-Moranda,W (2591) Wroclaw 2014}) 13... Qd7 14. Re1 {LiveBook: 5 Games} Rad8 15. Bc5 $146 ({Predecessor:} 15. Nd4 Bh3 16. Nxc6 bxc6 17. Bh1 Qb7 18. Bd4 Bf5 19. Nc5 Bxc5 20. Rxc5 Ne4 {½-½ (42) Tarjan,J (2414)-Barthel,A (2166) Reykjavik 2017}) 15... d4 16. Bxe7 Qxe7 17. Nc5 b6 18. Nd3 Qd6 19. Qd2 Bxf3 20. Bxf3 Ne5 21. Nxe5 Qxe5 22. Red1 Qf5 23. Qd3 Qxd3 $1 24. Rxd3 g5 25. Kf1 Re7 26. Rc4 Red7 27. b4 Kf8 28. a4 g4 29. Bg2 Ng8 30. Bc6 Rd6 31. Bb5 Ne7 32. Ke1 ({White should try} 32. Rd1 $16) 32... h5 (32... Ng6 $1 $11 {remains equal.}) 33. Kd2 (33. Rd1 $16) 33... a5 (33... Ng6 $11 {keeps the balance.}) 34. bxa5 bxa5 35. Rc7 Ra8 (35... Nd5 $16 {keeps fighting.} 36. Ra7 Nc3) 36. Rc5 $18 f5 37. Bc4 Rc8 38. Rxc8+ Nxc8 {[%mdl 4096] Endgame KRB-KRN} 39. Rb3 Nb6 40. Bd3 Nxa4 41. Rb5 ({Resist} 41. Bxf5 $6 Nc3 $14) 41... Rf6 $2 {[#]} (41... Rc6 $16) 42. Rxa5 Nb6 (42... Nb2 {was worth a try.} 43. Bb5 f4) 43. Rxf5 Nc4+ 44. Kc2 Rxf5 45. Bxf5 {KB-KN} Ne5 46. Kb3 Ke7 47. Kb4 Kd6 48. Be4 Nd7 49. Kc4 Ke5 50. Bg6 h4 51. gxh4 Nb6+ 52. Kd3 Nd5 53. Be8 Nf4+ 54. Kd2 Nh3 55. Ke1 Nf4 56. Bd7 Ng2+ 57. Kd2 Nxh4 58. Bxg4 Ng6 59. Kd3 Nf4+ 60. Kc4 Ng2 61. h3 Nh4 62. Kc5 Ng6 63. Kc6 Nh4 64. Kc7 Ng6 {[#]} 65. Kd7 $1 Nf8+ $2 (65... Nf4) 66. Ke7 Ng6+ 67. Kf7 Nh4 68. Kg7 Ng2 69. Kg6 Kf4 70. Kf6 Nh4 71. Bc8 Nf3 72. exf3 (72. Bf5 $142) 72... d3 {The position is equal.} 73. Ba6 d2 74. Be2 d1=Q 75. Bxd1 {Precision: White = 66%, Black = 34%.} 1/2-1/2

[Event "Gideon Japhet ACP Open 2018"]
[Site "Jerusalem"]
[Date "2018.07.01"]
[Round "1"]
[White "Shvayger, Yuliya"]
[Black "Rozen, Eytan"]
[Result "1/2-1/2"]
[WhiteElo "2409"]
[BlackElo "2044"]
[Annotator "TA"]
[PlyCount "145"]
[EventDate "2018.07.01"]
[EventType "swiss"]
[EventCountry "ISR"]
[SourceTitle "playchess.com"]
[Source "ChessBase"]
[SourceQuality "1"]

{[%evp 18,145,69,75,76,75,71,25,35,-8,-8,-8,-8,-11,-11,-22,-22,-11,5,5,24,17,48,18,59,52,68,31,24,0,0,0,0,0,0,0,0,0,3,0,6,10,17,0,59,23,30,34,47,54,58,64,71,44,55,23,59,66,68,0,1,1,62,0,6,0,0,0,0,0,0,0,0,0,0,0,0,0,0,0,0,0,0,0,0,0,0,0,0,0,0,0,0,0,8,1,2,3,4,0,22,14,14,14,18,8,48,20,12,15,12,0,0,0,0,0,0,0,0,0,0,0,0,0,0,0,0,0,0,0]} 1. e4 c6 2. d4 d5 3. exd5 cxd5 4. c4 e6 5. Nc3 Nc6 6. Nf3 Nf6 7. c5 Be7 8. Bb5 O-O 9. O-O Qc7 {B14: Caro-Kann: Panov-Botvinnik Attack with 5...e6 and 5...g6} 10. Re1 {LiveBook: 5 Games} Rd8 (10... h6 11. g3 Rd8 12. Bf4 Qa5 13. Ba4 Ne4 14. Nxe4 dxe4 15. Rxe4 b5 16. Bb3 Bb7 17. Qe2 {1-0 (25) Li,C (2739)-Shytaj,L (2465) Germany 2017}) 11. Bg5 Bd7 {White is better.} 12. Bh4 b6 $146 ({Predecessor:} 12... Be8 13. Bg3 Qc8 14. Qe2 Nh5 15. Bxc6 Nxg3 16. hxg3 bxc6 17. b4 Rd7 18. Rab1 {0-1 (57) Gobet,F (2380)-Hort,V (2615) Biel 1984}) 13. Bg3 (13. Bxc6 $5 Bxc6 14. b4 $11) 13... Qb7 14. Bxc6 Bxc6 15. b4 $1 {[%cal Rb4b5]} Ne4 16. Qc2 {Threatening b5.} Nxg3 17. hxg3 bxc5 18. bxc5 Rdb8 19. g4 Bd8 20. g3 Ba5 21. Rab1 Qa6 22. Rb3 Qc4 23. Rc1 (23. Re3 {seems wilder.} Rxb3 24. axb3 Qb4 25. Na2 Qb7 26. g5) 23... Rxb3 24. axb3 Qxc3 $1 25. Qxc3 Bxc3 26. Rxc3 $11 {[%mdl 4096] Endgame KRB-KRN} f6 27. g5 Rb8 28. Kf1 Kf7 29. Ke2 Rb4 30. Kd2 Rb5 (30... a5 $11) 31. Kc2 Rb4 32. Re3 a5 33. Kc3 Rb8 34. gxf6 gxf6 35. Re1 Rb5 36. Ra1 e5 37. dxe5 Rxc5+ 38. Kb2 (38. Kd2 $14) 38... Bd7 39. Re1 Rc8 ({Black should try} 39... h5 $11) 40. exf6 ({White should play} 40. Rh1 $14) 40... Kxf6 41. Nd4 a4 42. bxa4 {Strongly threatening a5.} Rc4 43. Nc2 Rxa4 44. Rh1 Kg7 45. Rd1 Be6 46. Kb3 Ra8 47. Nd4 Bd7 48. Re1 (48. Kc3 {with more complications.} Bg4 49. f3 Bxf3 50. Nxf3 Ra3+ 51. Kd4) 48... Kf6 49. Rh1 Kg6 50. Ne2 Kg7 51. Kb2 Be6 52. Kc3 Bf7 53. Kd3 Ra2 54. Rc1 Bg6+ 55. Ke3 Ra8 56. Nf4 Bf7 57. Rc7 Kf6 58. Rc6+ Kg7 59. Rd6 Ra3+ 60. Ke2 Ra5 61. Kf3 Rb5 62. Kg4 Rb2 {The position is equal.} 63. f3 Rb4 64. Kg5 Rb3 65. Rd7 {[#] Ne6+ is the strong threat.} ({Don't blunder} 65. Nxd5 $2 Rb5 $19) 65... Rxf3 66. Ne6+ Kh8 67. Nf4 {Hoping for Kg4.} Rxg3+ 68. Kh4 Rg7 69. Nxd5 Bxd5 70. Rxd5 h6 71. Kh5 Rg5+ 72. Rxg5 hxg5 73. Kxg5 {Precision: White = 55%, Black = 63%.} 1/2-1/2